000 00632nam a2200181Ia 4500
008 100921s9999 xx 000 0 und d
082 _b4711
_a793.3 थ 49
100 _aभाटे रोहिणी.
245 _aमाझी नृत्यसाधना.
260 _bसुलभ राष्ट्रीय ग्रंथमाला,पुणे.
_c1949
300 _a131
_b---
365 _b0
520 _aकला-नृत्य.
630 _aमाझी नृत्यसाधना.
650 _aकला-नृत्य.
730 _aमाझी नृत्यसाधना.
942 _cBOOK
999 _c753824
_d753821